000
00304nam a22001337a 4500
003
OSt
008
220825b |||||||| |||| 00| 0 eng d
100
_a
NATMO
_9
5245
245
_a
Atlas of agricultural resources of india
250
_a
1st
260
_a
kolkata
_b
natmo
300
_a
93
_b
maps
942
_c
BK
999
_c
17546
_d
17546